000 00307nam a22001337a 4500
008 170721b xxu||||| |||| 00| 0 eng d
020 _a70510
041 _aeng
080 _a004
100 _a28
101 _aSHKI
245 _aGW-BASIC USER-S GUIDE AND TECHNICAL REFERENCE
_cMICROSOFT
942 _2udc
_cBK
999 _c21724
_d21724